000 00427nam a2200169Ia 4500
008 240729s9999 xx 000 0 und d
022 _a2077-0375
245 0 _aMembranes
260 _aSwitzerland
260 _bMDPI AG
650 _a Chemical engineering
650 _a Chemical technology
650 _aTechnology
856 _uhttps://doaj.org/toc/962d34f6747741fcabf91f5f18feada5
942 _2ddc
942 _cDOAJEJ
999 _c69427
_d69427
945 _a1
_bMadushi Gamage
_c1
_dMadushi Gamage